000 01052cam a2200301 i 4500
001 vtls001029406
003 NUKAT
005 20250813220018.0
008 071218s2007 pl a |001 0 pol c
020 _a9788392399155
035 _azz2007979610
040 _aOLSZT 003/HP
_cOLSZT 003/HPs
_dOLSZT 003/bak
041 1 _apol
_hger
245 0 0 _aTragarz duchów :
_bzbiór podań ludowych z Mazur /
_czebr., przeł. i oprac. Jerzy Marek Łapo.
260 _aDąbrówno :
_bOficyna Retman,
_c2007.
300 _a132, [4] s. :
_bil. ;
_c24 cm.
336 _aTekst
_btxt
_2rdacontent
337 _aBez urządzenia pośredniczącego
_bn
_2rdamedia
338 _aWolumin
_bnc
_2rdacarrier
490 1 _aMoja Biblioteka Mazurska ;
_vnr 11
504 _aBibliogr. s. 127-130. Indeks.
655 7 _aLegendy
_zPolska
_zMazury (region).
_2kaba
_98106
700 1 _aŁapo, Jerzy Marek
_d(1971- ).
_eZebr.
_916192
710 2 _aRetman, Waldemar Mierzwa.
_4pbl
_912690
830 0 _aMoja Biblioteka Mazurska
_vnr 11
_912689
942 _2ddc
_cBK_NM
999 _c252
_d252